Регионална библиотека "Любен Каравелов" - Русе

Измамна реалност (Запис номер 432347)

MARC детайли
000 -Лидер
Контролно поле с фиксирана дължина 01542nam a2200301 a 4500
003 - Код на организацията, давaща контролен номер
Контролно поле BLK
005 - Дата и час на последна редакция
Контролно поле 20250718164239.0
008 - Елементи от данни с фиксирана дължина
fixed length control field 180408b bul|||||r ||||||| ||bul||
020 ## - Международен стандартен номер на книга ISBN
Международен стандартен номер на книга ISBN 9786190300885
040 ## - Източник на каталожния запис
Идентификатор на билиотеката - собственик на записа BLK
041 ## - Код за език
Код за езика на текст/звукозапис или на отделно заглавие Български
Код за езика КДБФ Български
080 ## - УДК
Текстов определител УДК Психологически теории основани на точните науки
УДК код - определител по УДК 159.9.015
080 ## - УДК
Текстов определител УДК Разпространяване на научните знания - популяризиране на науката, занимателна наука, учение за явленията научно необяснени, заблуждения и фалшификации, илюзии и др. п., секретност на научните знания
УДК код - определител по УДК 001.9
УДК - код + определител 001.9
100 ## - Редна дума - Автор
Автор Керев, Стойчо
Авторска отговорност първи автор
R(LIN) 1299
139 ## - Редно поле
Редна дума Керев, Стойчо
Авторски знак Кер - К 52
245 ## - Сведения за заглавието
Заглавие Измамна реалност
Подзаглавни данни Всеки има своята истина ......
Редно поле (дума) Стойчо Керев
257 ## - Страна на издаване
Страна на създаване/издаване България
260 ## - Област на издателските данни
Име на издателя, разпространителя и проч. Бард
Година на издаване 2021
9 (RLIN) 209457
Място на издаване, разпространение и проч. София
Издателство - префикс ISBN 978-954-655- ; 978-954-585- ; 978-954-584-
300 ## - Физическа характеристика
Страници 320 с.
Илюстрации и др. със сн.
Размери/Мащаб 20 см
380 ## - Жанр
Жанр Общ отдел
650 #7 - Допълнително описание по предмет – тема
Основно описание – тема или топоним Конспиративни теории
9 (RLIN) 159179
653 #7 - Ключова дума – ненормативна
Ключова дума социологически теории
9 (RLIN) 197066
653 #0 - Ключова дума – ненормативна
Ключова дума бъдещето на човечеството
9 (RLIN) 443341
852 ## - Местоположение
Фондова буква Заемна - подръчен фонд
Систематично-азбучна сигнатура 001.9/К 52 С
852 ## - Местоположение
Форматна сигнатура Цб 311690
Фондова буква Хранилище
999 ## - СИСТЕМНИ КОНТРОЛНИ НОМЕРА
Koha biblionumber 432347
Koha biblioitemnumber 432347
942 ## - АРТИКУЛИ
Вид на библиотечния материал Книги
Скрит в OPAC Не
Периодичен библиозапис Да
Koha issues (borrowed), all copies 81
944 ## - СЪЗДАВАНЕ И РЕДАКЦИЯ на ЗАПИСА
Дата на регистрацията/редакция 2022-03-16
Създаване/Редакция Редакция
Служител, извършил регистрацията/редакцията 30530
Статус, дата на статуса Минев Младен
Наличности
Код за отписване Код за изгубен артикул Източник на класификационната схема Код за повреда Коз за рестрикции Код за отдаване Артикулен № Име на библиотеката - собственик Име на библиотеката, в която се намира в момента Статус (Текущо местоположение) Дата на вписване в системата Местоположение - отдел Цена в лева Систематично азбучна сигнатура Баркод Цена в евро Служебен тип на артикула Инвентарен номер
  Не е изгубен Universal Decimal Classification Не е повреден без рестрикции заемане за дома 853484 Регионална библиотека "Любен Каравелов" Русе Регионална библиотека "Любен Каравелов" Русе Заемна - подръчен фонд 2021-09-20 Заемна - подръчен фонд 16.49 001.9/К 52 С 120000859826 8.43 Книги  
  Не е изгубен Universal Decimal Classification Не е повреден без рестрикции заемане за дома 853485 Регионална библиотека "Любен Каравелов" Русе Регионална библиотека "Любен Каравелов" Русе Заемна - подръчен фонд 2021-09-20 Заемна - подръчен фонд 16.49 001.9/К 52 С 120000859825 8.43 Книги  
  Не е изгубен Universal Decimal Classification Не е повреден без рестрикции заемане за дома 858567 Регионална библиотека "Любен Каравелов" Русе Регионална библиотека "Любен Каравелов" Русе Заемна - подръчен фонд 2021-10-25 Заемна - подръчен фонд 16.49 001.9/К 52 С 120000861099 8.43 Книги  
  Не е изгубен Universal Decimal Classification Не е повреден без рестрикции заемане за дома 858568 Регионална библиотека "Любен Каравелов" Русе Регионална библиотека "Любен Каравелов" Русе Заемна - подръчен фонд 2021-10-25 Заемна - подръчен фонд 16.49 001.9/К 52 С 120000861100 8.43 Книги  
  Не е изгубен Universal Decimal Classification Не е повреден само за читалня ползва се в читалня 877268 Регионална библиотека "Любен Каравелов" Русе Регионална библиотека "Любен Каравелов" Русе Хранилище 2022-03-21 Хранилище 21.99 Цб 311690 120000869755 11.24 Книги  
  Не е изгубен Universal Decimal Classification Не е повреден   заемане за дома 936318 Регионална библиотека "Любен Каравелов" Русе Регионална библиотека "Любен Каравелов" Русе Заемна - подръчен фонд 2023-11-08 Заемна - подръчен фонд 21.99 001.9/К 52 С 120000895384 11.24 Книги 120000895384
Vip Innovations Ltd, Rousse, Bulgaria 2025